Vista normal
Vista MARC
- Maccio, Charles
Entrada Personal Name
Número de registros utilizados en: 1
001 - CONTROL NUMBER
- control field: 9233
003 - CONTROL NUMBER IDENTIFIER
- control field: OSt
005 - DATE AND TIME OF LATEST TRANSACTION
- control field: 20160509120419.0
008 - FIXED-LENGTH DATA ELEMENTS
- fixed length control field: 160509|| aca||aabn | a|a d
040 ## - CATALOGING SOURCE
- Original cataloging agency: OSt
- Transcribing agency: OSt
100 ## - HEADING--PERSONAL NAME
- Personal name: Maccio, Charles
670 ## - SOURCE DATA FOUND
- Source citation: Work cat.: (OSt)877: Maccio, Charles, Práctica de la expresión oral, escrita, audiovisual, corporal, trabajo personal, informática, 2004